• 首页
  • 本馆介绍
  • 公告通知
  • 最新文献
  • 馆藏检索
  • 电子资源
  • 读者导购
  • 参考咨询
  • 我的图书馆
  • 登录
  • 详细信息显示
  • 放入我的书架
  • 预约/预借图书
  • 作者相关作品
  • 分类相关作品
  • 丛书相关作品
  • 出版社相关作品

书目信息

  • 表格格式
  • 工作单格式
  • 卡片格式
题名:
海洋生物资源评价与保护
    
 
作者: 张偲 , 金显仕 , 杨红生 主编
分册:  
出版信息: 北京   科学出版社  2016.9
页数: 279页
开本: 26cm
丛书名: 海洋生物资源开发利用高技术丛书
单 册:
中图分类: P745
科图分类:
主题词: 海洋生物资源--资源评价--研究 , 海洋生物资源--资源保护--研究
电子资源:
ISBN: 978-7-03-049606-5
000 01261nam 2200325 450
001 0400004884
005 20230216165445.30
010    @a978-7-03-049606-5@dCNY130.00
100    @a20170215d2016 em y0chiy50 ea
101 0  @achi
102    @aCN@b110000
105    @ay az 000yy
200 1  @a海洋生物资源评价与保护@9hai yang sheng wu zi yuan ping jia yu bao hu@f张偲,金显仕,杨红生主编
210    @a北京@c科学出版社@d2016.9
215    @a279页@d26cm
225 1  @a海洋生物资源开发利用高技术丛书@f焦炳华总编
300    @a国家科学技术学术著作出版基金资助出版
312    @a封面英文题名:Evaluation and protection of marine biological resources
320    @a有书目
330    @a本书以海洋生物资源评价与保护为主题,从海洋微生物资源、植物资源、动物资源、生态系统资源等分类层次,对海洋生物资源的评价与保护技术进行全面的解析。
461  0 @12001 @a海洋生物资源开发利用高技术丛书
510 1  @aEvaluation and protection of marine biological resources@zeng
606 0  @a海洋生物资源@x资源评价@x研究
606 0  @a海洋生物资源@x资源保护@x研究
690    @aP745@v5
701  0 @a张偲@9zhang si@4主编
701  0 @a金显仕@9jin xian shi@4主编
701  0 @a杨红生@9yang hong sheng@4主编
801  0 @aCN@b91MARC@c20171025
905    @b1039758-61@dP745@f4@e79
    
    海洋生物资源评价与保护/张偲,金显仕,杨红生主编.-北京:科学出版社,2016.9
    279页;26cm.-(海洋生物资源开发利用高技术丛书/焦炳华总编)
    国家科学技术学术著作出版基金资助出版
    
    ISBN 978-7-03-049606-5:CNY130.00
    本书以海洋生物资源评价与保护为主题,从海洋微生物资源、植物资源、动物资源、生态系统资源等分类层次,对海洋生物资源的评价与保护技术进行全面的解析。
●
相关链接 在E读中查询图书 在五车中查询图书 在当当中查询图书 在豆瓣中查询图书


正题名:海洋生物资源评价与保护     索取号:P745/79         预约/预借

序号 登录号 条形码 馆藏地/架位号 状态 备注
1 1039758   210397587   第二样本阅览室/ [索取号:P745/79] 在馆    
2 1039759   210397596   生命科学系资料室/ [索取号:P745/79] 在馆    
3 1039760   210397603   第三借阅区/ [索取号:P745/79] 在馆    
4 1039761   210397612   第三借阅区/ [索取号:P745/79] 在馆    
5 1052698   210526983   第三借阅区/ [索取号:P745/79] 在馆    
唐山师范学院图书馆 欢迎您!
大连网信软件有限公司© 版权所有